Mutualidades de previsin̤ social aspectos mercantiles y fiscales /

Detalles Bibliográficos
Autor principal: Calvo Vřgez, Juan
Formato: Desconocido
Lenguaje:español
Publicado: Madrid : Dykinson, 2009
Materias:
Acceso en línea:Acceso restringido

MARC

LEADER 00000ny a22000003n 4500
005 20110623115733.0
008 100324s2009 sp s 001 0 spa d
020 |a 9788498494617 
035 |a 4740 
040 |a BUS  |d vLex 
080 |a 368.032.4(460) 
090 |c 1052  |d 1052 
100 1 |a Calvo Vřgez, Juan 
245 1 0 |a Mutualidades de previsin̤ social  |h [Recurso electrn̤ico]  |b aspectos mercantiles y fiscales /  |c Juan Calvo Vřgez 
256 |a Servicio en ln̕ea 
260 |a Madrid :  |b Dykinson,  |c 2009 
506 1 |a Contenido solo disponible en los productos indicados  |d vLex Global  |d vLex Global (Academic Edition, excluding Law Schools)  |d vLex Global (U.S. Academic Edition, Law Schools)  |d vLex Global (U.S. Academic Edition, excluding Law Schools)  |d vLex Global (Academic Edition, Law Schools) 
650 0 4 |a Mutualidades  |x Derecho  |z Espaą  
740 0 |a vLex Libros (Servicios en ln̕ea) 
856 4 0 |u http://vlex.com/source/4740  |z Acceso restringido 
942 |c BOOK